Winter Themed Words With Vowels Missing - Statistics

General Stats
  • This quiz has been taken 52 times
  • The average score is 8 of 8
Answer Stats
Hint Answer % Correct
CHR_STM_S Christmas
100%
FR_ST Frost
100%
SL_DD_NG Sledding
100%
SN_W Snow
100%
SN_WM_N Snowman
100%
_DV_NT C_L_ND_R Advent Calendar
90%
H_T CH_C_L_TE_ Hot Chocolate
90%
_C_CL_ Icicle
85%
No matching quizzes found
Score Distribution
Percent of People with Each Score
Percentile by Number Answered
Your Score History
You have not taken this quiz